000 00909 a2200241 4500
005 20080819123836.0
010 _aENG-84722
020 _a8180544923
_c325.00
035 _aEN-68255
037 _bD.B.Act / Pub
040 _adpl
_bEnglish
082 _a330.954
100 _aDhingra, Ishwar C.
_9643
245 _aThe Indian economy
_benvironment and policy
_cby Ishwar C. Dhingra
250 _a21th rev. ed
260 _aNew Delhi
_bSultan Chand and Sons
_c2006
270 _a23, Darya Ganj,
_bNew Delhi
_cDelhi
_e110002
_k23266105
_l23266357
300 _axviii, 767p.
_c24 cm (Pbk)
650 _aEconomic conditions
_zIndia
_9644
650 _aEconomic environment
_zIndia
_9645
942 _adpl
_cEN
_k330.954 / DHI
_2ddc
_h330.954
_mDHI
999 _c163
_d163